Statistics for North America Countries

Click here to take the quiz!

General Stats

  • This quiz has been taken 17 times
  • The average score is 16 of 24

Answer Stats

HintAnswer% Correct
5Canada
100%
16Mexico
100%
15Jamaica
89%
24United States
89%
7Cuba
78%
8Dominica
78%
14Honduras
78%
18Panama
78%
1Antigua and Barbuda
67%
2Bahamas
67%
3Barbados
67%
4Belize
67%
6Costa Rica
67%
9Dominican Republic
67%
10El Salvador
67%
23Trinidad and Tobago
67%
13Haiti
56%
17Nicaragua
56%
19Saint Kitts and
Nevis
56%
20Saint Lucia
56%
21Saint Vincent and the
Grenadines
56%
11Grenada
44%
12Guatemala
44%
22Greenland
11%

Score Distribution

Percentile by Number Answered

Percent of People with Each Score

Your Score History

You have not taken this quiz